| 000 | 00596nam a2200157Ia 4500 | ||
|---|---|---|---|
| 008 | 151213s9999 xx 000 0 und d | ||
| 100 | _aরফিকুল ইসলাম বীর উত্তম | ||
| 245 |
_aলক্ষ প্রাণের বিনিময়ে _cরফিকুল ইসলাম বীর উত্তম |
||
| 250 | _a৮ম সং | ||
| 260 |
_aঢাকা _bমনিরুল হক _c1981 |
||
| 300 | _a8357 p. | ||
| 650 | _aBangla | ||
| 650 | _a্ইতিহাস | ||
| 700 | _aরফিকুল ইসলাম বীর উত্তম | ||
| 999 |
_c4197 _d4197 |
||